| 000 | 01291cam a2200313 a 4500 | ||
|---|---|---|---|
| 999 |
_c67260 _d67260 |
||
| 001 | 15587968 | ||
| 003 | ARRUPE | ||
| 005 | 20170601123657.0 | ||
| 008 | 090115s2008 rh a b 000 0 eng | ||
| 010 | _a 2009334011 | ||
| 020 | _a9781779220714 | ||
| 040 |
_aDLC _cDLC _dDLC |
||
| 042 | _alcode | ||
| 043 | _af-rh--- | ||
| 050 | 0 | 0 |
_aJC599.Z55 _bH53 2008 |
| 245 | 0 | 4 |
_aThe hidden dimensions of Operation Murambatsvina / _cedited by Maurice T. Vambe. |
| 260 |
_aHarare : _bWeaver Press, _cc2008. |
||
| 300 |
_avi, 170 p. : _bill. ; _c21 cm. |
||
| 504 | _aIncludes bibliographical references. | ||
| 650 | 0 |
_aOperation Murambatsvina, Zimbabwe, 2005- _931954 |
|
| 650 | 0 |
_aHuman rights _zZimbabwe. _9416 |
|
| 650 | 0 |
_aSquatter settlements _zZimbabwe. _931955 |
|
| 650 | 0 |
_aUrban poor _zZimbabwe. _931956 |
|
| 650 | 0 |
_aPolitical persecution _zZimbabwe. _931957 |
|
| 700 | 1 |
_aVambe, Maurice Taonezvi. _931958 |
|
| 856 | 4 | 1 |
_3Table of contents only _uhttp://www.loc.gov/catdir/toc/fy0903/2009334011.html |
| 906 |
_a7 _bibc _corigode _d3 _encip _f20 _gy-gencatlg |
||
| 942 |
_2lcc _cMONOGRAPH |
||